General Knowledge Pictures beginning 'A' - Statistics

General Stats
  • This quiz has been taken 203 times
  • The average score is 18 of 28
Answer Stats
Picture Answer % Correct
Alligator
96%
Anchor
94%
Axe
94%
Ape
85%
Asparagus
85%
Avocado
85%
Aquarium
83%
Alpaca
80%
Android
78%
Abacus
75%
Acorn
73%
Audi
73%
Amish
72%
Amsterdam
67%
Alarm Clock
66%
Aardvark
65%
Austria
64%
Amethyst
56%
Artichoke
55%
Anthill
52%
Angel Falls
48%
Argentina
43%
Antarctica
40%
Augustus
39%
Adriatic Sea
37%
Abu Dhabi
33%
Ash
23%
Arsenic
21%
No matching quizzes found
Score Distribution
Percent of People with Each Score
Percentile by Number Answered
Your Score History
You have not taken this quiz